PILOT plantations of quick-growing industrial tree species, Malaysia : Pathological problems of fast-growing exotic conifers in West Malaysia

Bibliographic Details
Corporate Author: Food and Agriculture Organization of the United Nations (FAO)
Other Authors: Ivory
Format: Book
Published: Kuala Lumpur : Food and Agriculture Organization of the United Nations , 1972
Series:Technical report ; 6
Subjects:

MARC

LEADER 00000cam a2200000 7i4500
001 0000001439
005 20010627.0
090 0 0 |a 634.975   |b PIL 1972 
245 0 0 |a PILOT plantations of quick-growing industrial tree species, Malaysia :   |b Pathological problems of fast-growing exotic conifers in West Malaysia   |c Report prepared by the Food and Agriculture Organization of the United Nations, based on the work of M. H. Ivory 
260 0 0 |a Kuala Lumpur :   |b Food and Agriculture Organization of the United Nations ,   |c 1972 
300 |a 38 p. :   |b ill. ;   |c 26 cm. 
440 0 0 |a Technical report ; 6 
500 0 0 |a Bibliography : [p. 31-33] 
650 0 0 |a Conifers   |z Peninsular Malaysia 
700 0 1 |a Ivory   |h M. H. 
710 1 1 |a Food and Agriculture Organization of the United Nations (FAO) 
998 |a JPSM 
999 |a 0000002478   |b Monograph   |c Open Shelf   |e Default branch